• 首页
  • 本馆介绍
  • 公告通知
  • 最新文献
  • 馆藏检索
  • 电子资源
  • 读者导购
  • 参考咨询
  • 我的图书馆
  • 登录
  • 详细信息显示
  • 放入我的书架
  • 预约/预借图书
  • 作者相关作品
  • 分类相关作品
  • 丛书相关作品
  • 出版社相关作品

书目信息

  • 表格格式
  • 工作单格式
  • 卡片格式
题名:
圣经故事
    
 
作者: 张久宣 编著
分册:  
出版信息: 北京   红旗出版社  1994.2
页数: 639页
开本: 20cm
丛书名:
单 册:
中图分类: B971-49 , I17
科图分类:
主题词: 故事 , 民间文学--作品集--世界
电子资源:
ISBN: 7-80068-704-X
000 00857nam0 2200289 450
001 1553627943
005 20150128205143.64
010    @a7-80068-704-X@dCNY40.00
100    @a19940718d1994 em y0chiy0110 ea
101 0  @achi
102    @aCN@b110000
105    @af z 000zy
200 1  @a圣经故事@9sheng jing gu shi@e1994年修订版@f张久宣编著
205    @a新1版
210    @a北京@c红旗出版社@d1994.2
215    @a639页@c插图@d20cm
314    @a张久宣,中国社会科学院世界宗教研究所任职
330    @a本版保留原有的故事内容,有些作了改写,又从《旧约》和《后典》中增补了部分内容。
605    @a圣经@x故事@x选集
605    @2CT@3S066914@a圣经
606 0  @a故事
606 0  @a民间文学@x作品集@x世界
690    @aB971-49@v三版
690    @aI17@v4
701  0 @a张久宣@9zhang jiu xuan@4编著
801  0 @aCN@bTSSF@c20150128
905    @aZUCC@dI17@eJY39
    
    圣经故事:1994年修订版/张久宣编著.-新1版.-北京:红旗出版社,1994.2
    639页:插图;20cm
    
    
    ISBN 7-80068-704-X:CNY40.00
    本版保留原有的故事内容,有些作了改写,又从《旧约》和《后典》中增补了部分内容。
●
相关链接 在E读中查询图书 在五车中查询图书 在当当中查询图书 在豆瓣中查询图书


正题名:圣经故事     索取号:I17/JY39         预约/预借

序号 登录号 条形码 馆藏地/架位号 状态 备注
1 7838352   278383526   学院路分馆/ [索取号:I17/JY39] 在馆    
2 7855023   278550239   学院路分馆/ [索取号:I17/JY39] 在馆    
唐山师范学院图书馆 欢迎您!
大连网信软件有限公司© 版权所有